[Event "C.to Provinciale CL"]
[Site "San Cataldo ITA"]
[Date "2000.01.??"]
[Round "?"]
[White "Amico, Rosario"]
[Black "Infantino, Carmelo"]
[Result "1-0"]
[WhiteElo "1657"]
[BlackElo "1600"]
[PlyCount "99"]
[EventDate "2000.01.??"]

1. d4 d5 2. c4 e6 3. Nc3 Nf6 4. cxd5 exd5 5. Bg5 c6 6. Qc2 g6 7. e3 Bf5 8. Bd3
Bxd3 9. Qxd3 Bg7 10. Nf3 O-O 11. O-O Nbd7 12. b4 Nb6 13. b5 Rc8 14. bxc6 Rxc6
15. Ne5 Rc8 16. Rfc1 Qc7 17. h3 Nc4 18. Bxf6 Bxf6 19. Nxd5 Nxe5 20. Nxf6+ Kg7
21. dxe5 Qxe5 22. Nd7 Rxc1+ 23. Rxc1 Qb2 24. Qc3+ Qxc3 25. Rxc3 Ra8 26. Rc7 b5
27. Ne5 Kf6 28. Nxf7 a5 29. Nd6 b4 30. Rxh7 Ke6 31. Nb7 a4 32. Nc5+ Kd5 33. Nd3
Kc4 34. Ne5+ Kc3 35. Rb7 b3 36. axb3 axb3 37. Nxg6 Ra4 38. Rxb3+ Kxb3 39. g4
Kc3 40. Kg2 Kd3 41. Nf4+ Kd2 42. h4 Ke1 43. g5 Ra2 44. Nh3 Ra4 45. Kg3 Kd2 46.
g6 Kd3 47. h5 Ke4 48. h6 Ra6 49. Nf4 Rf6 50. h7 1-0

[Event "C.to Provinciale CL"]
[Site "San Cataldo ITA"]
[Date "2000.01.??"]
[Round "?"]
[White "Calamera, Angelo"]
[Black "Amico, Rosario"]
[Result "0-1"]
[WhiteElo "1419"]
[BlackElo "1657"]
[PlyCount "96"]
[EventDate "2000.01.??"]

1. c4 Nf6 2. Nc3 g6 3. d4 Bg7 4. Bg5 O-O 5. Qc1 d5 6. Bh6 c6 7. Bxg7 Kxg7 8.
Nf3 dxc4 9. e4 b5 10. e5 Nd5 11. Be2 Na6 12. a3 Nac7 13. h4 h5 14. Qd2 Bf5 15.
Ng5 Nxc3 16. bxc3 f6 17. g4 hxg4 18. h5 fxg5 19. Qxg5 e6 20. h6+ Kh7 21. Qf4
Nd5 22. Qg3 Qg5 23. Rh4 Qf4 24. Qxf4 Nxf4 25. Bf1 Nd3+ 26. Ke2 Be4 27. Ke3 Nxf2
28. Be2 Bd3 29. Rf1 g3 30. Rg1 Bxe2 31. Kxe2 g5 32. Rh5 Kg6 33. Rxg5+ Kxg5 34.
Rxg3+ Kxh6 35. Rg2 Nd3 36. Rh2+ Kg5 37. Rg2+ Kf4 38. Rg6 Rae8 39. Rg2 Ke4 40.
Rg4+ Rf4 41. Rg1 Rf2+ 42. Kd1 Ref8 43. a4 Rf1+ 44. Rxf1 Rxf1+ 45. Ke2 Ra1 46.
axb5 Ra2+ 47. Kd1 Ke3 48. b6 Rd2# 0-1

[Event "C.to Provinciale CL"]
[Site "San Cataldo ITA"]
[Date "2000.01.??"]
[Round "?"]
[White "Calamera, Michele"]
[Black "Amico, Rosario"]
[Result "1-0"]
[WhiteElo "1630"]
[BlackElo "1657"]
[PlyCount "121"]
[EventDate "2000.01.??"]

1. d4 Nf6 2. c4 g6 3. Nc3 d5 4. Nf3 Bg7 5. Qb3 dxc4 6. Qxc4 O-O 7. e4 Bg4 8.
Be3 Nfd7 9. Rd1 Nb6 10. Qc5 Nc6 11. Be2 a6 12. O-O Qd6 13. Qxd6 exd6 14. h3 Bd7
15. a3 f5 16. e5 d5 17. Bf4 Be6 18. Ng5 Nd8 19. h4 c6 20. b3 Nd7 21. Na4 b5 22.
Nc3 h6 23. Nf3 Bf7 24. g3 Ne6 25. Be3 a5 26. a4 b4 27. Nb1 c5 28. dxc5 Nexc5
29. Nbd2 Ne4 30. Bd4 Nc3 31. Rde1 Nxe2+ 32. Rxe2 Rfe8 33. Rc1 Be6 34. Nf1 Rac8
35. Rec2 Nf8 36. Ne3 Rxc2 37. Rxc2 Rc8 38. Rxc8 Bxc8 39. Bb6 Be6 40. Bxa5 d4
41. Nxd4 Bxe5 42. Nxe6 Nxe6 43. Bxb4 Nd4 44. Nc4 Bc7 45. Nd2 f4 46. Kg2 fxg3
47. fxg3 Ne2 48. a5 Nd4 49. a6 Bb6 50. Nc4 Ba7 51. Bc3 Nb5 52. Bd2 h5 53. Be3
Bxe3 54. Nxe3 Kf7 55. Kf3 Ke6 56. Kf4 Kf6 57. Nd5+ Ke6 58. Nb6 Na7 59. Kg5 Kf7
60. Nc4 Kg7 61. Ne5 1-0

[Event "C.to Provinciale CL"]
[Site "San Cataldo ITA"]
[Date "2000.01.??"]
[Round "?"]
[White "Culle', Salvatore"]
[Black "Amico, Rosario"]
[Result "1/2-1/2"]
[WhiteElo "1696"]
[BlackElo "1657"]
[PlyCount "75"]
[EventDate "2000.01.??"]

1. e4 c5 2. Nc3 d6 3. f4 g6 4. d4 cxd4 5. Qxd4 Nf6 6. e5 Nc6 7. Bb5 Nh5 8. e6
Bg7 9. exf7+ Kxf7 10. Bc4+ e6 11. Qf2 d5 12. Bb3 Rf8 13. Nf3 Kg8 14. Ne2 Na5
15. O-O Nxb3 16. axb3 Qc7 17. c3 a6 18. Qe3 Nf6 19. Ng5 Ng4 20. Qh3 h5 21. Qg3
e5 22. h3 Qb6+ 23. Kh1 Nh6 24. b4 e4 25. Be3 Qf6 26. Bd4 Nf5 27. Qf2 Nxd4 28.
Nxd4 Bf5 29. Ra5 Qd6 30. Qd2 Bd7 31. Ne2 Bb5 32. Nxe4 Qe6 33. N4g3 h4 34. f5
gxf5 35. Nf4 Qf7 36. Nge2 Rae8 37. Rf2 Re4 38. g3 1/2-1/2

[Event "C.to Provinciale CL"]
[Site "San Cataldo ITA"]
[Date "2000.01.??"]
[Round "?"]
[White "Polara, Orazio"]
[Black "Amico, Rosario"]
[Result "1/2-1/2"]
[WhiteElo "1627"]
[BlackElo "1657"]
[PlyCount "56"]
[EventDate "2000.01.??"]

1. e4 c5 2. Nf3 d6 3. d4 cxd4 4. Nxd4 Nf6 5. Nc3 g6 6. Bc4 Bg7 7. O-O O-O 8.
Bb3 Nc6 9. Nf3 Na5 10. Bg5 Nxb3 11. axb3 b6 12. Re1 Bb7 13. Nd5 Qd7 14. Nxf6+
exf6 15. Bf4 Rfd8 16. c3 Qg4 17. Qd2 f5 18. h3 Qh5 19. Kh2 fxe4 20. Ng5 Be5 21.
Nxe4 Qf5 22. Bxe5 dxe5 23. Qc2 Rd7 24. Re3 Rad8 25. Rae1 Rd2 26. Qxd2 Rxd2 27.
Nxd2 Qxf2 28. R1e2 Qf4+ 1/2-1/2